| 000 | 00479nam a2200205Ia 4500 | ||
|---|---|---|---|
| 003 | OSt | ||
| 005 | 20240913115519.0 | ||
| 008 | 240126s9999 xx 000 0 und d | ||
| 020 | _a9789351452933 | ||
| 040 | _c0 | ||
| 041 | _aEnglish | ||
| 082 | _a347.01 LAK;1 R | ||
| 100 | _aLakshminath, A. | ||
| 245 | 0 | _aJudicial process and Precedent | |
| 250 | _a4th ed. | ||
| 260 |
_bEastern Book Company _aLucknow |
||
| 300 | _alii, 567 | ||
| 440 | _aNULL | ||
| 942 |
_cLL _2ddc |
||
| 999 |
_c284728 _d284728 |
||